00839cam a22002651 4500001001300000003000400013005001700017008004100034010001700075035001900092040004500111042001200156050002200168100003000190245005800220260001900278300005400297490005000351500002400401504003200425650002300457650003400480740004200514999001700556gs 30000100 DLC20260227111334.0780111s1930 xx 000 0 eng c ags 30000100  a(OCoLC)3552121 aLibrary, U.S. Geological SurveycOTdDLC apremarc00aQE153b.A2 no. 481 aFreie, Alvin John,d1902-00aSedimentation in the Anadarko basin,cby A. J. Freie. aNorman,c1930. a80 p. incl. tables, diagrs.bfold. diagr.c24 cm.0 aOklahoma. Geological survey. Bulletinvno. 48 aDated January 1930. aBibliographical foot-notes. 0aGeologyzOklahoma. 0aSedimentation and deposition.0 aAnadarko basin, Sedimentation in the. c26783d26783